Direct taxes: Law and practice (Record no. 396370)

MARC details
000 -LEADER
fixed length control field 00546 a2200205 4500
005 - DATE & TIME
control field 20260401102611.0
008 - FIXED-LENGTH DATA ELEMENTS--GENERAL INFORMATION
fixed length control field 260325b |||||||| |||| 00| 0 eng d
020 ## - ISBN
International Standard Book Number 9789364552103
Price Rs. 4995.00
040 ## - CATALOGING SOURCE
Original cataloging agency VIVEKANANDA LIBRARY
082 ## - DDC NUMBER
Classification number 347.3
Book Number S64T
100 ## - MAIN ENTRY--PERSONAL NAME
Personal name Singhania, Vinod K
245 ## - TITLE STATEMENT
Title Direct taxes: Law and practice
260 ## - PUBLICATION, DISTRIBUTION, ETC. (IMPRINT)
Name of publisher, distributor, etc Taxmann Publications
Date of publication, distribution, etc 2025
Place of publication, distribution, etc New Delhi
300 ## - PHYSICAL DESCRIPTION
Pages v.
650 ## - Subject
Subject Taxation Law- India
650 ## - Subject
Subject Direct Taxation- India
650 ## - Subject
Subject Income Tax- Law
700 ## - Added Entry Personal Name
Added Entry Personal Name Singhania, Kapil
942 ## - ADDED ENTRY ELEMENTS (KOHA)
Koha item type Books
Holdings
Withdrawn status Lost status Source of classification or shelving scheme Damaged status Not for loan Location (home branch) Sublocation or collection (holding branch) Shelving location Date acquired Koha issues (times borrowed) Koha full call number Accession No. Koha date last seen Koha item type
    Dewey Decimal Classification     VIVEKANANDA LIBRARY VIVEKANANDA LIBRARY Law Library 23/02/2026   347.3 S64T 378012 23/02/2026 Books
    Dewey Decimal Classification     VIVEKANANDA LIBRARY VIVEKANANDA LIBRARY Law Library 23/02/2026   347.3 S64T 378013 23/02/2026 Books
    Dewey Decimal Classification     VIVEKANANDA LIBRARY VIVEKANANDA LIBRARY Law Library 23/02/2026   347.3 S64T 378014 23/02/2026 Books
© Designed and Maintained by Vivekananda Library, MDU Rohtak